00803nam a2200241Ia 4500008004100000020001700041050001200058050001600070100003500086245001500121245015700136260001900293260001800312260000900330300001700339300002400356300001100380650004400391650002500435700004000460700002600500700003500526160319s9999 xx 000 0 und d a9715693860  a263.925 b B352c 2000 aBautista, Benjamin Basildez G. aCuaresma / cmain texts by Benjamin Basilidez G. Bautista ... [et al.] ; edited by Gilda Cordero-Fernando, Fernando N. Zialcita ; photography by Noli I. Yamsuan, Jr. aMakati City :  bBookmark Inc. c2000 a249 pages :  bill. (some col.) ;  c32 cm. aLent -- Philippines -- Pictorial works. aLent -- Philippines. aFernando, Gilda Cordero, 1930-, ed. aYamsuan, Noli I., ed. aZialcita, Fernando Nakpil, ed.